000 00211nam a2200097Ia 4500
008 190216s9999||||xx |||||||||||||| ||und||
100 _aKrishna Moorthy
245 0 _aPross Of Today
260 _bNull
942 _cBK
999 _c12964
_d12964